000 00938nam a2200289 a 4500
001 3826666
003 JO-AjAnu
005 20231202133437.0
008 870915s1987 ilua b 001 0 eng
010 _a 86082590
020 _a0256056668
040 _aDLC
_cDLC
_dDLC
_dJO-AjAnu
050 0 0 _aHF5667
_b.H399 1987
082 0 0 _a657/.45
_219
100 1 _aHermanson, Roger H.
_eauthor
245 1 0 _aAuditing theory and practice /
_cRoger H. Hermanson, Jerry R. Strawser, Robert H. Strawser.
250 _a4th ed.
260 _aHomewood, Ill. :
_bIrwin,
_c1987.
300 _axv, 700 p. :
_bill. ;
_c25 cm.
440 0 _aRobert N. Anthony/Willard J. Graham series in accounting
504 _aIncludes bibliographies and index.
650 0 _aAuditing.
700 1 _aStrawser, Jerry R.
_ejoint author
700 1 _aStrawser, Robert H.
_ejoint author
906 _a7
_bcbc
_corignew
_d3
_eopcn
_f19
_gy-gencatlg
942 _2lcc
_cBK
_n0
999 _c33207
_d33207